| 000 | 00519nam a2200169 a 4500 | ||
|---|---|---|---|
| 005 | 20140310183307.0 | ||
| 008 | 050905s19uu xx 00 eng d | ||
| 020 | _a0781744261 | ||
| 050 |
_aR 121 _b.St8 2005 |
||
| 245 | _aStedman's medical dictionary for the health professions and nursing / | ||
| 250 | _a5th ed. | ||
| 260 |
_aPhiladelphia : _bLippincott Williams & Wilkins, _c2005. |
||
| 300 |
_a555 p. : _bill. col. ; _c23 cm. |
||
| 650 |
_aMedicine _xDictionaries _xEnglish. |
||
| 942 |
_cBK _2lcc |
||
| 999 |
_c21097 _d21097 |
||